000 00461ntaaa2200181 4500
003 01
005 20251027203024.0
008 0714s1973 ag 01
040 _aAR-BaBN
_bspa
_cAR-BaBN
_eaacr
_dRIC
082 _a900.0000 L
245 _aHistoria de America
250 _a1 ed.
260 _aBuenos Aires :
_bEditorial Jackson de Ediciones Selectas,
_c1940
300 _a14 tomos
650 _ahistoria
_9175
700 _aLevene, Ricardo
_930685
942 _cBK
999 _c25629
_d25629